000 01672agaaa2200313 4500
001 9018
003 IT-RoPAU
005 20220918181244.0
007 d cvaizq
008 50131s9999||||xx ||| | || ||und||
040 _aIT-RoPAU
_cIT-RoPAU
041 _aITALIANO
100 _aVadim Roger
_gCodice regista SPICS: 227
_938844
130 _aMETZENGERSTEIN
_946235
245 _aMETZENGERSTEIN
_cProdotto da: Grimaldi Alberto -- Sceneggiatura: Vadim Roger Cousin Pascal Boulanger Daniel -- Diretto da: Vadim Roger
_pTRE PASSI NEL DELIRIO (Rif. Codice opera principale : 21539)
250 _aEdizione Standard
260 _aROMA - PARIGI (ITALIA)
_bEUROPEE ASS. - MARCEAU - COCINOR / Distribuzione: RAI
_g"1968 (1° ed.: 1982 ; Ed. Lingua Orig.: 1968)"
300 _aVHS
_bsonoro, col.
_c40 minuti
508 _a"Fotografia: Renoir Claude; Montaggio: Plemiannikov Helene; Musica: Padromides Jean; Sceneggiatura: Vadim Roger Cousin Pascal Boulanger Daniel; "
511 _aFonda Jean
520 _aUNA RICCA QUANTO PERVERSA CONTESSA SI INNAMORA DI UN SUO CUGINO CHE LA RESPINGE PER VENDICARSI ESSA FA INCENDIARE LA FATTORIA PROVOCANDO LA MORTE DELL'AMATO DA QUEL MOMENTO VIVE TORMENTATA DA UNA FORMA DI OSCURO RIMORSO E INFINE INFORCATO UN MISTERIOSO CAVALLO NERO MUORE ANCHE LEI TRA LE FIAMME
538 _aPAL, STEREO
546 _aITALIANO
650 _aORRORE
_eFILMS [VHS]
_xCodice MATERIA SPICS: 9960
_946236
700 _aPadromides Jean
_e(musica)
_gCodice Musica SPICS: 26179
_946237
700 _aPoe Allan Edgar
_e(soggetto)
_gCodice Soggetto SPICS: 2471
_946238
700 _aVadim Roger
_e(regista)
_gCodice regista SPICS: 227
_938844
942 _cVH
_2ddc
999 _c106318
_d106318